000 00658nam a22002537a 4500
003 UA-OsUOA
001 70445
007 ta
008 20100903b un ||||| |||| 00| 0 ukr d
100 _aГарт
700 _aФренсис Брет
090 _a821.161.1(73)
_bГ21
942 _cBK
040 _aUA-OsUOA
_bukr
_cUA-OsUOA
_dUA-OsUOA
245 _aГабрієл Конрой
_bроман
300 _a607 с.
955 _a3
041 _aukr
080 _a821.161.1(73)
020 _a5-308-00470-6
260 _aК.
_bДніпро
_c1989
650 7 _a82 Література. Літературознавство
_2UDC
999 _c356716
_d356716